000 00592nam a22001817a 4500
008 131007b xxu||||| |||| 00| 0 ger d
020 _a3540176187
020 _a0387176187
080 _a004.2
100 1 _aLagemann, Klaus
245 1 0 _aRechnerstrukturen :
_cKlaus Lagemann
246 _bEine einfuhrung fur elektrotechniker und Informatiker
260 _aBerlin...etj. :
_bSpringer Verlag ;
_c1987
300 _a 295 f. :
_bme il. ;
_c24 cm
500 _aParathënie f. [VI]- VII
650 0 _2Kompjuterët-Programimi-Softueri
942 _2udc
_cBK
999 _c38
_d38